01143 2200229 4500001002100000005001500021035002000036008004100056020001800097041000800115082001200123084001600135100004700151245007700198260004100275520047800316650003100794300001700825990002400842990002400866990002300890INLIS00000000000586720241022110634 a0010-0520005867241022 | | eng  a0-7546 2128 6 aeng a340.115 a340.115 SOC0 aSociological Perspectives on Law Volume II1 aSociological Perspectives on Law Volume II /cEdited by Roger Cotterrell aEngland :bAshgate Publishing,c2001 aThe first series of the International of Essays in Law and Legal Theory has established itself as a major research resource with fifty-eight volumes if the most significant theoretical essays in contemporary legal studies. Each volume contains essays of central theoretical importance in its subject area and the series as a whole makes available an extensive range of valuable material of considerable interest to those involved in research, teaching and the study of law. 4aSociological Jurisprudence axxii, 489 p. a00846/MKRI-P/I-2005 a00844/MKRI-P/I-2005 a06003/MKRI/PI-2007